Thermodynamik. Eine Einfuhrung in die Grundlagen und ihre technischen Anwendungen

Manylion Llyfryddiaeth
Prif Awdur: Baehr H. D. Hans Dieter
Iaith:Almaeneg
Cyhoeddwyd: Berlin, Springer-Verlag, 1989
Rhifyn:7-е изд.
Pynciau:
Fformat: MixedMaterials Llyfr
KOHA link:https://koha.lib.tpu.ru/cgi-bin/koha/opac-detail.pl?biblionumber=161178

MARC

LEADER 00000nam0a2200000 4500
001 161178
005 20231031155825.0
035 |a (RuTPU)RU\TPU\book\174789 
090 |a 161178 
100 |a 20090604d1989 km y0rusy50 ca 
101 0 |a ger 
102 |a RU 
105 |a a z 001zy 
200 1 |a Thermodynamik. Eine Einfuhrung in die Grundlagen und ihre technischen Anwendungen  |f H. D. Baehr 
205 |a 7-е изд. 
210 |a Berlin  |c Springer-Verlag  |d 1989 
215 |a 460 с.  |c ил. 
320 |a Literatur: p. 434-443. 
320 |a Sachverzeichnis: p. 445-460. 
610 1 |a физическая термодинамика 
610 1 |a техническая термодинамика 
610 1 |a теория 
610 1 |a законы 
610 1 |a приложения 
610 1 |a применение 
610 1 |a расчеты 
610 1 |a немецкий язык 
675 |a 536.7  |v 3 
675 |a 621.1.016.7  |v 3 
700 1 |a Baehr  |b H. D.  |g Hans Dieter 
801 1 |a RU  |b 63413507  |c 20090604  |g PSBO 
801 2 |a RU  |b 63413507  |c 20100301  |g RCR 
942 |c BK